Handels- und steuerrechtlicher Zusammenhang zwischen Pensionsrückstellungen und Planvermögen vor dem Hintergrund von Finanzierungsmöglichkeiten diplomová práca

Guardado en:
Detalles Bibliográficos
Autor principal: Riedel, Christian
Autor Corporativo: Fakulta hospodárskej informatiky EU. Katedra operačného výskumu a ekonometrie
Otros Autores: Sicherer, Klaus von
Formato: Libro
Lenguaje:alemán
Publicado: Bratislava 2019
Etiquetas: Agregar Etiqueta
Sin Etiquetas, Sea el primero en etiquetar este registro!

MARC

LEADER 00000nbm a2200000 4500
001 0258901
005 20191108140943.9
041 0 |a ger 
044 |a SK 
245 1 0 |a Handels- und steuerrechtlicher Zusammenhang zwischen Pensionsrückstellungen und Planvermögen vor dem Hintergrund von Finanzierungsmöglichkeiten  |b diplomová práca  |c Christian Riedel ; školiteľ: Klaus von Sicherer 
264 1 |a Bratislava  |c 2019 
300 |a 76 s. 
100 1 |a Riedel, Christian 
700 1 |a Sicherer, Klaus von 
710 2 |a Fakulta hospodárskej informatiky EU. Katedra operačného výskumu a ekonometrie